| 000 | 00000nam 2200000zi 4500 |
| 001 | 9.932826 |
| 003 | CaOODSP |
| 005 | 20241122135849 |
| 006 | m o d f |
| 007 | cr |n||||||||| |
| 008 | 240123e19900820onc o f000 0|eng d |
| 040 | |aCaOODSP|beng|erda|cCaOODSP |
| 043 | |an-cn--- |
| 086 | 1 |aCo22-683/1990E-PDF |
| 245 | 00|aEmergence of the new media : |bare our policies adequate? : report on the workshop held on 25 July 1990, Hull, Québec. |
| 264 | 1|a[Ottawa] : |bCommunications Canada, Strategic Policy Planning, |cAugust 20, 1990. |
| 300 | |a1 online resource (vii, 18 pages, 2 unnumbered pages) |
| 336 | |atext|btxt|2rdacontent |
| 337 | |acomputer|bc|2rdamedia |
| 338 | |aonline resource|bcr|2rdacarrier |
| 500 | |aDigitized edition from print [produced by Innovation, Science and Economic Development Canada]. |
| 500 | |aIssued also in French under title: L'émergence des nouveaux médias : nos politiques sont-elles adéquates? : rapport sur l'atelier qui a eu lieu le 25 juillet 1990 à Hull (Québec) |
| 610 | 10|aCanada. |bCommunications Canada. |
| 650 | 0|aCommunication and technology|zCanada. |
| 650 | 0|aTelecommunication|xTechnological innovations|zCanada. |
| 650 | 0|aMass media|xTechnological innovations|zCanada. |
| 710 | 1 |aCanada. |bCommunications Canada, |eissuing body. |
| 775 | 08|tL'émergence des nouveaux médias : |w(CaOODSP)9.945468 |
| 856 | 40|qPDF|s954 KB|uhttps://publications.gc.ca/collections/collection_2024/isde-ised/co22/Co22-683-1990-eng.pdf |